Private Jets - Super Lights - Super Mids - Statistics

General Stats
  • This quiz has been taken 37 times
  • The average score is 8 of 16
Answer Stats
Picture Answer % Correct
G-150
86%
Phenom 300
86%
Citation X
71%
Legacy 500
71%
G200 / 280
57%
Hawker 750 - 900
57%
Learjet 60
57%
PC-24
57%
Challenger 300 - 3500
43%
Citation Excel / XLS
43%
Citation Latitude
43%
Citation Longitude
43%
Learjet 45 / 75
43%
Praetor 600
43%
Citation Sovereign
14%
Learjet 40
14%
No matching quizzes found
Score Distribution
Percent of People with Each Score
Percentile by Number Answered
Your Score History
You have not taken this quiz